Securities market in Japan 1988

Đã lưu trong:
Bibliografiske detaljer
Hovedforfatter: Haruji, Yoshida
Format: Bog
Sprog:Undetermined
Udgivet: Tokyo Japan Securities Research Institute 1988
Fag:
Tags: Tilføj Tag
Ingen Tags, Vær først til at tagge denne postø!
Thư viện lưu trữ: Trung tâm Học liệu Trường Đại học Cần Thơ
LEADER 00493nam a2200181Ia 4500
001 CTU_78881
008 210402s9999 xx 000 0 und d
082 |a 332.6 
082 |b Y54 
100 |a Haruji, Yoshida 
245 0 |a Securities market in Japan 1988 
245 0 |c Haruji Yoshida 
260 |a Tokyo 
260 |b Japan Securities Research Institute 
260 |c 1988 
650 |a Investments,Securities 
650 |z Japan 
980 |a Trung tâm Học liệu Trường Đại học Cần Thơ